Know your capital city / (Record no. 22129)

MARC details
000 -LEADER
fixed length control field 01148cam a22002651a 4500
001 - CONTROL NUMBER
control field e 50000024
003 - CONTROL NUMBER IDENTIFIER
control field DLC
005 - DATE AND TIME OF LATEST TRANSACTION
control field 20260227111234.0
008 - FIXED-LENGTH DATA ELEMENTS--GENERAL INFORMATION
fixed length control field 850228s1950 dcua b f000 0 eng c
010 ## - LIBRARY OF CONGRESS CONTROL NUMBER
LC control number e 50000024
035 ## - SYSTEM CONTROL NUMBER
System control number (OCoLC)11749029
040 ## - CATALOGING SOURCE
Original cataloging agency U.S. Office of Education. Library
Transcribing agency ABAU
Modifying agency ABAU
-- DLC
042 ## - AUTHENTICATION CODE
Authentication code premarc
050 00 - LIBRARY OF CONGRESS CALL NUMBER
Classification number L111
Item number .A6 1950, no. 18
051 ## - LIBRARY OF CONGRESS COPY, ISSUE, OFFPRINT STATEMENT
Classification number F199
Item number .W7
100 1# - MAIN ENTRY--PERSONAL NAME
Personal name Willcockson, Mary
245 10 - TITLE STATEMENT
Title Know your capital city /
Statement of responsibility, etc. Mary Willcockson.
260 ## - PUBLICATION, DISTRIBUTION, ETC.
Place of publication, distribution, etc. Washington :
Name of publisher, distributor, etc. Federal Security Agency, Office of Education :
-- For sale by the Supt. of Docs., U.S. G.P.O.,
Date of publication, distribution, etc. 1950.
300 ## - PHYSICAL DESCRIPTION
Extent vi, 39 p. :
Other physical details ill. ;
Dimensions 23 cm.
490 1# - SERIES STATEMENT
Series statement Bulletin / Federal Security Agency, Office of Education ;
Volume/sequential designation 1950, no. 18
501 ## - WITH NOTE
With note Copies 1 and 2 of L111.A6 with: State boards of education and chief state school officers / Ward W. Keesecker. Washington : Govt. Print. Off., 1950. Bound together subsequent to publication.
Institution to which field applies DLC
504 ## - BIBLIOGRAPHY, ETC. NOTE
Bibliography, etc. note Bibliography: p. 38-39.
651 #0 - SUBJECT ADDED ENTRY--GEOGRAPHIC NAME
Geographic name Washington (D.C.)
General subdivision Description and travel.
830 #0 - SERIES ADDED ENTRY--UNIFORM TITLE
Uniform title Bulletin (United States. Office of Education : 1929b) ;
Volume/sequential designation 1950, no. 18

No items available.

Powered by Koha